Participantes do BBB 2018 - Statistics

Estatísticas Gerais
  • Esse quiz foi jogado 50 vezes
  • A pontuação média é 14 de 18
Estatísticas das Respostas
Hint Resposta % Correto
3º lugar Ana Clara
100%
Vencedor(a) Gleiciane
95%
2º lugar Kaysar
95%
3º eliminado(a) Ana Paula
88%
14º eliminado(a) Paula
88%
13º eliminado(a) Breno
78%
9º eliminado(a) Caruso
78%
12º eliminado(a) Jéssica
78%
7º eliminado(a) Patrícia
78%
8º eliminado(a) Diego
73%
6º eliminado(a) Mahmoud
73%
2º eliminado(a) Jaqueline
71%
11º eliminado(a) Viegas
71%
3º lugar Ayrton
66%
5º eliminado(a) Lucas
66%
10º eliminado(a) Wagner
66%
4º eliminado(a) Nayara
59%
1º eliminado(a) Mara
51%
Nenhum quiz correspondente encontrado
Distribuição das Pontuações
Porcentagem de Pessoas com Cada Pontuação
Percentil de Números Respondidos
Sua Pontuação Histórica
Você não jogou esse quiz